[Event "Sunway Formentera op 1st"]
[Site "Sant Ferran de ses Roques"]
[Date "2022.05.07"]
[Round "9"]
[White "Chkhaidze, Nikoloz"]
[Black "Neiman, Emmanuel"]
[Result "0-1"]
[WhiteElo "2301"]
[BlackElo "2248"]
[PlyCount "188"]
[EventDate "2022.04.29"]
[EventType "swiss"]
[EventRounds "10"]
[EventCountry "ESP"]
[SourceTitle "EXT 2023"]
[Source "ChessBase"]
[SourceDate "2022.10.05"]
[SourceVersion "1"]
[SourceVersionDate "2022.10.05"]
[SourceQuality "1"]

1. d4 d5 2. c4 e6 3. Nf3 Nf6 4. Nc3 Be7 5. Bf4 0-0 6. e3 c5 7. dxc5 Bxc5 8. a3 Nc6 9. Qc2 Qa5 10. Rd1 Be7 11. cxd5 exd5 12. Be2 h6 13. 0-0 Be6 14. b4 Qxa3 15. Ra1 Qxb4 16. Rfb1 Bf5 17. Rxb4 Bxc2 18. Rxb7 a5 19. Rc1 Bf5 20. Na4 Ra7 21. Rxa7 Nxa7 22. Rc7 Rc8 23. Nd4 Rxc7 24. Bxc7 Bd7 25. Nb6 Be8 26. Bf3 Nb5 27. Nxb5 Bxb5 28. Nxd5 Nxd5 29. Bxd5 a4 30. f3 Bd3 31. Kf2 Bb1 32. e4 a3 33. f4 a2 34. Be5 Bf6 35. Bxa2 Bxa2 36. Bd6 Bd4+ 37. Kf3 f6 38. g4 g5 39. e5 fxe5 40. fxg5 Bd5+ 41. Ke2 hxg5 42. Be7 Bg2 43. Bxg5 e4 44. Be3 Be5 45. Kf2 Bh3 46. Bg5 Bxh2 47. Ke3 Bg2 48. Bd8 Bg1+ 49. Kf4 Bh2+ 50. Ke3 Bg3 51. Bf6 Kf7 52. Bd8 Ke6 53. Bg5 Bf3 54. Bd8 Kd5 55. g5 Bh5 56. Bf6 Bg6 57. Bd8 Ke6 58. Bf6 Kf5 59. Bd8 Bf4+ 60. Ke2 Bxg5 61. Bb6 Bh5+ 62. Kf2 Bf3 63. Kg3 Bd2 64. Kf2 Ke6 65. Kg3 Kd5 66. Kf2 Kc4 67. Kg3 Kd3 68. Kf2 Bd1 69. Kg3 e3 70. Kh4 e2 71. Bf2 e1Q 72. Bxe1 Bxe1+ 73. Kg5 Bf3 74. Kf4 Be4 75. Ke5 Bd2 76. Kd6 Kd4 77. Ke6 Bf4 78. Kf6 Kd5 79. Ke7 Be5 80. Kd7 Bf5+ 81. Ke7 Kc6 82. Kf7 Kd6 83. Ke8 Be6 84. Kd8 Bf6+ 85. Ke8 Bd5 86. Kf8 Ke6 87. Ke8 Be4 88. Kf8 Bg6 89. Kg8 Be5 90. Kf8 Kf6 91. Kg8 Bf4 92. Kf8 Bh6+ 93. Kg8 Bf5 94. Kh8 Kg6 0-1

[Event "Sunway Formentera op 1st"]
[Site "Sant Ferran de ses Roques"]
[Date "2022.05.05"]
[Round "7"]
[White "Neiman, Emmanuel"]
[Black "Vanduyfhuys, Daria"]
[Result "1-0"]
[WhiteElo "2248"]
[BlackElo "2080"]
[PlyCount "115"]
[EventDate "2022.04.29"]
[EventType "swiss"]
[EventRounds "10"]
[EventCountry "ESP"]
[SourceTitle "EXT 2023"]
[Source "ChessBase"]
[SourceDate "2022.10.05"]
[SourceVersion "1"]
[SourceVersionDate "2022.10.05"]
[SourceQuality "1"]

1. c4 Nf6 2. g3 e6 3. Bg2 d5 4. Nf3 Be7 5. 0-0 0-0 6. d4 dxc4 7. Qc2 a6 8. Qxc4 b5 9. Qc2 Bb7 10. Bg5 Nbd7 11. Nbd2 Rc8 12. Bxf6 Nxf6 13. Nb3 Be4 14. Qc1 c5 15. dxc5 Qc7 16. Qf4 Qxf4 17. gxf4 Bxc5 18. Rac1 Bb6 19. Ne5 Bxg2 20. Kxg2 a5 21. Nc6 Nd5 22. Kf3 Ra8 23. Nc5 Rfe8 24. Nd3 Kf8 25. Nde5 Nf6 26. Rfd1 Rec8 27. Rd7 Rc7 28. Rcd1 Nxd7 29. Nxd7+ Rxd7 30. Rxd7 Rc8 31. Ne5 f6 32. Nd3 b4 33. Rd6 Bd8 34. Rxe6 Kf7 35. Ra6 Rc2 36. f5 Rd2 37. Rd6 Ke7 38. Re6+ Kf7 39. Rc6 Rd1 40. Rc1 Rxc1 41. Nxc1 Bc7 42. h3 Ke7 43. Ke4 Kd6 44. Nd3 Kc6 45. Kd4 g6 46. fxg6 hxg6 47. f4 Bb6+ 48. Ke4 Kd6 49. f5 g5 50. b3 Bc7 51. Nf2 Kc5 52. Ng4 Bd8 53. Kd3 Kd5 54. e4+ Kd6 55. e5+ fxe5 56. Ke4 Kc5 57. Nxe5 a4 58. Nd3+ 1-0

[Event "Sunway Formentera op 1st"]
[Site "Sant Ferran de ses Roques"]
[Date "2022.05.02"]
[Round "4"]
[White "Neiman, Emmanuel"]
[Black "Alinasab, Mobina"]
[Result "1/2-1/2"]
[WhiteElo "2248"]
[BlackElo "2355"]
[PlyCount "96"]
[EventDate "2022.04.29"]
[EventType "swiss"]
[EventRounds "10"]
[EventCountry "ESP"]
[SourceTitle "EXT 2023"]
[Source "ChessBase"]
[SourceDate "2022.10.05"]
[SourceVersion "1"]
[SourceVersionDate "2022.10.05"]
[SourceQuality "1"]

1. g3 Nf6 2. Bg2 e6 3. Nf3 d5 4. 0-0 c5 5. d3 Nc6 6. Nbd2 b6 7. e4 Bb7 8. Re1 Qc7 9. c3 Be7 10. a3 0-0-0 11. e5 Nd7 12. d4 g5 13. Nf1 Rdg8 14. Be3 c4 15. N3d2 Na5 16. Qh5 Rg7 17. f4 gxf4 18. Bxf4 Qd8 19. Ne3 h6 20. Re2 Nf8 21. Ng4 Ng6 22. Be3 Bg5 23. Rf1 Ne7 24. Nf6 Nf5 25. Bf4 Nc6 26. Bxg5 hxg5 27. Qf3 Kb8 28. h3 Nce7 29. Qf2 Ng8 30. g4 Nh4 31. Qe3 Ne7 32. Nf3 Nxf3+ 33. Rxf3 Bc6 34. Nh5 Rxh5 35. gxh5 Qh8 36. h6 Qxh6 37. h4 Qxh4 38. Rh3 Qg4 39. Rh8+ Kb7 40. Qf3 Qxf3 41. Bxf3 Ng6 42. Rh6 g4 43. Bg2 Nf4 44. Rd2 Ba4 45. Rf6 Nh5 46. Rh6 Nf4 47. Rf6 Nh5 48. Rh6 Nf4 1/2-1/2

[Event "Europe Echecs online op April"]
[Site "Europe Echecs INT"]
[Date "2020.04.11"]
[Round "9"]
[White "Pira, Davoud"]
[Black "Neiman, Emmanuel"]
[Result "1-0"]
[WhiteElo "2277"]
[BlackElo "1555"]
[PlyCount "77"]
[EventDate "2020.04.11"]
[EventType "swiss (blitz)"]
[EventRounds "11"]
[EventCountry "FRA"]
[SourceTitle "EXT 2021"]
[Source "ChessBase"]
[SourceDate "2020.10.23"]
[SourceVersion "1"]
[SourceVersionDate "2020.10.23"]
[SourceQuality "1"]

1. d4 g6 2. e4 Bg7 3. Nc3 d6 4. Be3 a6 5. a4 b6 6. Nf3 Bb7 7. Bc4 e6 8. Bg5 Ne7 9. h4 h6 10. Be3 Nd7 11. Qd2 d5 12. exd5 exd5 13. Bd3 Nf6 14. Ne5 Ne4 15. Qe2 Nf5 16. h5 g5 17. 0-0 c5 18. Qf3 Bxe5 19. dxe5 Nh4 20. Qe2 Nxc3 21. bxc3 c4 22. e6 cxd3 23. cxd3 fxe6 24. Bd4 Kf7 25. f4 g4 26. f5 Nxf5 27. Qxg4 Rg8 28. Qf4 Qg5 29. Qc7+ Qe7 30. Qe5 Raf8 31. Rae1 Ke8 32. Qb8+ Kf7 33. Rxf5+ exf5 34. Rxe7+ Kxe7 35. Qxb7+ Ke6 36. Qc6+ Kf7 37. Qxd5+ Ke8 38. Qe6+ Kd8 39. Bxb6# 1-0

[Event "Europe Echecs online op March"]
[Site "Europe Echecs INT"]
[Date "2020.03.28"]
[Round "4"]
[White "Migot, Tangi"]
[Black "Neiman, Emmanuel"]
[Result "1-0"]
[WhiteElo "2403"]
[BlackElo "2288"]
[PlyCount "75"]
[EventDate "2020.03.28"]
[EventType "swiss (blitz)"]
[EventRounds "9"]
[EventCountry "FRA"]
[SourceTitle "EXT 2021"]
[Source "ChessBase"]
[SourceDate "2020.10.23"]
[SourceVersion "1"]
[SourceVersionDate "2020.10.23"]
[SourceQuality "1"]

1. e4 e5 2. Nf3 Nf6 3. Nxe5 d6 4. Nf3 Nxe4 5. Nc3 Nxc3 6. dxc3 Be7 7. Be3 0-0 8. Qd2 Nd7 9. 0-0-0 Nf6 10. Bd3 c5 11. a3 a6 12. h4 b5 13. h5 c4 14. Be2 Bb7 15. h6 g6 16. Kb1 Ne4 17. Qe1 d5 18. Nd4 Bg5 19. f4 Bf6 20. Bf3 Qe7 21. g4 Rfe8 22. g5 Bh8 23. Bc1 f5 24. Qg1 Qc7 25. Re1 Bc6 26. Be3 a5 27. Nxf5 b4 28. Bd4 gxf5 29. Bxh8 Kxh8 30. Qd4+ Kg8 31. a4 bxc3 32. Bxe4 Rxe4 33. Rxe4 dxe4 34. g6 Rb8 35. Qxc4+ Kf8 36. Qxc3 Rc8 37. g7+ Kf7 38. Qb3+ 1-0

[Event "Europe Echecs online op March"]
[Site "Europe Echecs INT"]
[Date "2020.03.28"]
[Round "7"]
[White "Neiman, Emmanuel"]
[Black "Di Nicolantonio, Lucas"]
[Result "0-1"]
[WhiteElo "2288"]
[BlackElo "2399"]
[PlyCount "41"]
[EventDate "2020.03.28"]
[EventType "swiss (blitz)"]
[EventRounds "9"]
[EventCountry "FRA"]
[SourceTitle "EXT 2021"]
[Source "ChessBase"]
[SourceDate "2020.10.23"]
[SourceVersion "1"]
[SourceVersionDate "2020.10.23"]
[SourceQuality "1"]

1. d4 d5 2. Bf4 e6 3. e3 Nf6 4. Nf3 Bd6 5. Bg3 0-0 6. Bd3 c5 7. c3 Qc7 8. Nbd2 Nbd7 9. dxc5 Nxc5 10. Bc2 e5 11. c4 d4 12. exd4 exd4 13. Nxd4 Bxg3 14. hxg3 Qe5+ 15. Ne2 Bg4 16. f3 Rfe8 17. fxg4 Rad8 18. Kf1 Qe3 19. Qe1 Rxd2 20. Bd1 Nd3 21. Qxd2 0-1

[Event "Europe Echecs online op March"]
[Site "Europe Echecs INT"]
[Date "2020.03.28"]
[Round "3"]
[White "Neiman, Emmanuel"]
[Black "Gauthier, Joel"]
[Result "1-0"]
[WhiteElo "2288"]
[BlackElo "1500"]
[PlyCount "45"]
[EventDate "2020.03.28"]
[EventType "swiss (blitz)"]
[EventRounds "9"]
[EventCountry "FRA"]
[SourceTitle "EXT 2021"]
[Source "ChessBase"]
[SourceDate "2020.10.23"]
[SourceVersion "1"]
[SourceVersionDate "2020.10.23"]
[SourceQuality "1"]

1. g3 e5 2. Bg2 d5 3. c4 Nf6 4. cxd5 Nxd5 5. Nc3 Nxc3 6. bxc3 Nc6 7. Rb1 g6 8. Qa4 Qd7 9. Nf3 Bg7 10. Ba3 Ne7 11. Qxd7+ Bxd7 12. Rxb7 Bc6 13. Rb2 Nd5 14. 0-0 Kd7 15. e4 Nb6 16. Ng5 Nc4 17. Rb3 Nxa3 18. Rxa3 f6 19. Nh3 Ke6 20. d4 Rhd8 21. d5+ Bxd5 22. exd5+ Rxd5 23. Ra6+ 1-0

[Event "Paris European Corporate 1st"]
[Site "Paris"]
[Date "2017.11.25"]
[Round "5.2"]
[White "Vanheirzeele, Daniel"]
[Black "Neiman, Emmanuel"]
[Result "1/2-1/2"]
[WhiteElo "2130"]
[BlackElo "2309"]
[PlyCount "79"]
[EventDate "2017.11.24"]
[EventType "team-swiss"]
[EventRounds "9"]
[EventCountry "FRA"]
[SourceTitle "CBM 181 Extra"]
[Source "ChessBase"]
[SourceDate "2017.12.12"]
[SourceVersion "1"]
[SourceVersionDate "2017.12.12"]
[SourceQuality "1"]
[WhiteTeam "Echesspedia"]
[BlackTeam "Paris 2024"]
[WhiteTeamCountry "BEL"]
[BlackTeamCountry "FRA"]

1. d4 d5 2. c4 c6 3. Nf3 Nf6 4. Nc3 e6 5. g3 dxc4 6. Bg2 b5 7. Ne5 Qb6 8. 0-0 Nbd7 9. Bxc6 Bb7 10. Bxb5 a6 11. Bxd7+ Nxd7 12. Nxd7 Kxd7 13. e4 Bb4 14. d5 Ke7 15. Bg5+ f6 16. Be3 Qa5 17. Qg4 Kf8 18. Qxe6 Re8 19. Qf5 Re5 20. Qg4 h5 21. Qe2 Bxc3 22. bxc3 f5 23. Rab1 Qc7 24. Bf4 Bc8 25. Bxe5 Qxe5 26. Qxc4 Kf7 27. d6+ Be6 28. Rb7+ Kg6 29. exf5+ Qxf5 30. Qd4 Rh7 31. h4 Qf3 32. Rd1 Qxb7 33. Qd3+ Bf5 34. Qe3 Qd7 35. c4 Rh8 36. c5 Kf7 37. Qf3 Rc8 38. Qxh5+ Kg8 39. Re1 g6 40. Qh6 1/2-1/2

[Event "Rouen op 9th"]
[Site "Rouen"]
[Date "2016.12.20"]
[Round "6"]
[White "Neiman, Emmanuel"]
[Black "Chavane, Thibaut"]
[Result "1-0"]
[WhiteElo "2274"]
[BlackElo "1792"]
[PlyCount "83"]
[EventDate "2016.12.17"]
[EventType "swiss"]
[EventRounds "7"]
[EventCountry "FRA"]
[SourceTitle "CBM 176 Extra"]
[Source "ChessBase"]
[SourceDate "2017.03.02"]
[SourceVersion "1"]
[SourceVersionDate "2017.03.02"]
[SourceQuality "1"]

1. Nf3 c5 2. g3 e6 3. Bg2 Nf6 4. 0-0 d5 5. d3 Nc6 6. Nbd2 Be7 7. e4 0-0 8. Re1 Qc7 9. e5 Nd7 10. Qe2 Re8 11. Nf1 f6 12. exf6 Bxf6 13. c4 Re7 14. Ne3 Nd4 15. Qd1 dxc4 16. dxc4 Nb6 17. Nd2 Bd7 18. Ne4 Bc6 19. Bd2 Rd8 20. Bc3 Na4 21. Nxf6+ gxf6 22. Qh5 Bxg2 23. Kxg2 Qc6+ 24. Kh3 Nxc3 25. bxc3 Nf3 26. Nd5 Rf7 27. Qxf3 exd5 28. cxd5 Qxd5 29. Re8+ Kg7 30. Qg4+ Kh6 31. Rxd8 Qxd8 32. Rd1 Qf8 33. Rd5 f5 34. Qf4+ Kg6 35. Qe5 b6 36. c4 Rf6 37. Rd7 a6 38. a4 Rf7 39. Qe6+ Rf6 40. Qd5 Rf7 41. Rd6+ Rf6 42. Rd8 1-0

[Event "Rouen op 9th"]
[Site "Rouen"]
[Date "2016.12.18"]
[Round "3"]
[White "Neiman, Emmanuel"]
[Black "Veniat, Nicolas"]
[Result "1-0"]
[WhiteElo "2274"]
[BlackElo "1847"]
[PlyCount "59"]
[EventDate "2016.12.17"]
[EventType "swiss"]
[EventRounds "7"]
[EventCountry "FRA"]
[SourceTitle "CBM 176 Extra"]
[Source "ChessBase"]
[SourceDate "2017.03.02"]
[SourceVersion "1"]
[SourceVersionDate "2017.03.02"]
[SourceQuality "1"]

1. Nf3 Nf6 2. g3 d5 3. Bg2 c5 4. 0-0 Nc6 5. d3 e5 6. c4 d4 7. b4 cxb4 8. a3 Bd7 9. Nbd2 bxa3 10. Bxa3 Bxa3 11. Rxa3 0-0 12. Qb3 Qc8 13. Rb1 Rb8 14. Qc2 Re8 15. Ng5 h6 16. Nge4 Nxe4 17. Nxe4 Qc7 18. c5 a5 19. Rb6 Nb4 20. Qc4 Be6 21. Qb5 Nd5 22. Nd6 Re7 23. Bxd5 Bxd5 24. Rxa5 Rd7 25. Ra7 g6 26. e4 Bc6 27. Rxc6 bxc6 28. Rxc7 cxb5 29. Rxd7 b4 30. c6 1-0

[Event "FRA-chT Top 12"]
[Site "Belfort"]
[Date "2012.06.09"]
[Round "10.5"]
[White "Neiman, Emmanuel"]
[Black "Dourerassou, Jonathan"]
[Result "1-0"]
[WhiteElo "2335"]
[BlackElo "2462"]
[PlyCount "79"]
[EventDate "2012.05.31"]
[EventType "team-tourn"]
[EventRounds "11"]
[EventCountry "FRA"]
[SourceTitle "CBM 148 Extra"]
[Source "ChessBase"]
[SourceDate "2012.06.22"]
[SourceVersion "1"]
[SourceVersionDate "2012.06.22"]
[SourceQuality "1"]
[WhiteTeam "Metz Fischer"]
[BlackTeam "Chalons en Champagne"]
[WhiteTeamCountry "FRA"]
[BlackTeamCountry "FRA"]

1. g3 e5 2. c4 Nf6 3. Bg2 d5 4. cxd5 Nxd5 5. Nc3 Nb6 6. Nf3 Nc6 7. a3 Be7 8. b4 Be6 9. 0-0 0-0 10. d3 a5 11. b5 Nd4 12. Rb1 f6 13. Nd2 Rb8 14. e3 Nf5 15. Nb3 a4 16. Na5 Nd6 17. Bd2 Ra8 18. Nxb7 Nxb7 19. Bxb7 Rb8 20. Bg2 Qxd3 21. Be4 Qc4 22. Qc2 f5 23. Bd3 Qg4 24. f3 Qh3 25. Nxa4 Nxa4 26. Qxa4 Ra8 27. Qc2 Rxa3 28. Bc4 Qh6 29. b6 f4 30. b7 Rb8 31. exf4 Bxc4 32. Qxc4+ Kf8 33. Qxc7 Qd6 34. Qxd6 Bxd6 35. fxe5 Bc5+ 36. Kh1 Rd3 37. Rfc1 Ba7 38. Bb4+ Kf7 39. Bd6 Re8 40. b8Q 1-0

[Event "FRA-chT Top 12"]
[Site "Mulhouse"]
[Date "2011.05.29"]
[Round "4.7"]
[White "Neiman, Emmanuel"]
[Black "San Emeterio Cabanes, Jose Luis"]
[Result "1/2-1/2"]
[WhiteElo "2345"]
[BlackElo "2398"]
[PlyCount "102"]
[EventDate "2011.05.26"]
[EventType "team-tourn"]
[EventRounds "11"]
[EventCountry "FRA"]
[SourceTitle "CBM 142 Extra"]
[Source "ChessBase"]
[SourceDate "2011.06.27"]
[SourceVersion "1"]
[SourceVersionDate "2011.06.27"]
[SourceQuality "1"]
[WhiteTeam "Metz Fischer"]
[BlackTeam "Lutece"]
[WhiteTeamCountry "FRA"]
[BlackTeamCountry "FRA"]

1. c4 e5 2. g3 d6 3. Bg2 f5 4. Nc3 Nf6 5. d3 Be7 6. e4 0-0 7. exf5 Nc6 8. g4 Nd4 9. h3 c6 10. Nge2 h5 11. Ng3 h4 12. Nge4 Nxe4 13. dxe4 g5 14. Be3 Bf6 15. 0-0 b6 16. Ne2 Nxe2+ 17. Qxe2 c5 18. Rfd1 Bb7 19. Rd3 Rf7 20. Qd2 Rd7 21. a4 a5 22. Rd1 Qe7 23. Qc1 Bc6 24. Qa1 Kg7 25. R1d2 Rad8 26. f3 Qf8 27. Kf2 Be7 28. Ke2 Qf6 29. Kd1 Kf7 30. Kc2 Bf8 31. Kb3 Ke7 32. Ka3 Rb8 33. Rd1 Kd8 34. Qc1 Bh6 35. Qd2 Kc7 36. Rb3 Ra8 37. Qe1 Rdd8 38. Bd2 Rd7 39. Bc3 Rdd8 40. Bd2 Rd7 41. Rd3 Rdd8 42. Bf1 Bf8 43. Bc3 Qe7 44. Qd2 Bg7 45. Rd5 Bf6 46. b3 Rd7 47. Qb2 Rg8 48. Bd3 Bb7 49. Rg1 Rdd8 50. Qd2 Rh8 51. Be2 Ra8 1/2-1/2

[Event "FRA-chT Top 16 Gp Haute"]
[Site "Guingamp"]
[Date "2010.06.04"]
[Round "9.6"]
[White "Philippe, Christophe"]
[Black "Neiman, Emmanuel"]
[Result "1-0"]
[WhiteElo "2424"]
[BlackElo "2348"]
[PlyCount "93"]
[EventDate "2010.06.03"]
[EventType "team-tourn"]
[EventRounds "11"]
[EventCountry "FRA"]
[SourceTitle "EXT 2011"]
[Source "ChessBase"]
[SourceDate "2010.11.26"]
[SourceVersion "1"]
[SourceVersionDate "2010.11.26"]
[SourceQuality "1"]
[WhiteTeam "Vandoeuvre"]
[BlackTeam "Metz Fischer"]
[WhiteTeamCountry "FRA"]
[BlackTeamCountry "FRA"]

1. e4 e5 2. Nf3 Nf6 3. Nxe5 d6 4. Nf3 Nxe4 5. d4 d5 6. Bd3 Nc6 7. 0-0 Be7 8. Nc3 Nxc3 9. bxc3 0-0 10. h3 Rb8 11. Re1 Bd6 12. Bg5 f6 13. Bh4 g5 14. Bg3 Bxg3 15. fxg3 Qd6 16. Kh2 Bd7 17. c4 dxc4 18. Bxc4+ Kg7 19. c3 Rbe8 20. Qd2 Rxe1 21. Rxe1 Re8 22. Rf1 Qe7 23. Bd3 Qd6 24. Nxg5 Qe7 25. Ne4 Rf8 26. Nc5 Bc8 27. Re1 Qd6 28. Ne4 Qd8 29. Qf4 Ne7 30. Nc5 Ng6 31. Qf3 b6 32. Ne6+ Bxe6 33. Rxe6 Rf7 34. Bf5 Re7 35. Rc6 Qe8 36. h4 Rf7 37. h5 Nf8 38. Be4 Qd8 39. Bd5 Rd7 40. Qg4+ Kh6 41. Qf4+ Kg7 42. h6+ Kg6 43. Be4+ Kf7 44. Qg4 Ke8 45. Bf5 Rf7 46. c4 Qe7 47. Be6 1-0

[Event "FRA-chT Top 16 GpB"]
[Site "France"]
[Date "2010.05.01"]
[Round "6"]
[White "Cossin, Sebastien"]
[Black "Neiman, Emmanuel"]
[Result "1-0"]
[WhiteElo "2497"]
[BlackElo "2339"]
[PlyCount "79"]
[EventDate "2010.03.26"]
[EventType "team-tourn"]
[EventRounds "7"]
[EventCountry "FRA"]
[SourceTitle "CBM 135 Extra"]
[Source "ChessBase"]
[SourceDate "2010.05.04"]
[SourceVersion "1"]
[SourceVersionDate "2010.05.04"]
[SourceQuality "1"]

1. d4 d5 2. c4 c6 3. Nf3 Nf6 4. Qc2 dxc4 5. Qxc4 Bf5 6. g3 e6 7. Bg2 Be7 8. 0-0 0-0 9. Nc3 Ne4 10. Ne5 Nxc3 11. bxc3 Nd7 12. e4 Nxe5 13. dxe5 Bg6 14. Be3 Qa5 15. f4 b5 16. Qe2 Qxc3 17. g4 Bc5 18. Bxc5 Qxc5+ 19. Kh1 f6 20. Rac1 Qa3 21. exf6 Rxf6 22. Rxc6 e5 23. Rxf6 gxf6 24. fxe5 fxe5 25. Qxb5 Qxa2 26. Qxe5 Re8 27. Qd4 Qe6 28. Qd5 Qxd5 29. exd5 Be4 30. Ra1 Bxg2+ 31. Kxg2 h5 32. h3 hxg4 33. hxg4 Kf7 34. Rxa7+ Kf6 35. Kg3 Ke5 36. Ra1 Rg8 37. Rd1 Kd6 38. Rd2 Ra8 39. g5 Ra1 40. Kg4 1-0

[Event "FRA-chT Top 16 GpB"]
[Site "France"]
[Date "2010.03.26"]
[Round "1"]
[White "Neiman, Emmanuel"]
[Black "Delorme, Axel"]
[Result "1-0"]
[WhiteElo "2339"]
[BlackElo "2429"]
[PlyCount "87"]
[EventDate "2010.03.26"]
[EventType "team-tourn"]
[EventRounds "7"]
[EventCountry "FRA"]
[SourceTitle "CBM 135 Extra"]
[Source "ChessBase"]
[SourceDate "2010.05.04"]
[SourceVersion "1"]
[SourceVersionDate "2010.05.04"]
[SourceQuality "1"]

1. Nf3 Nf6 2. d4 e6 3. Bg5 h6 4. Bh4 c5 5. e3 b6 6. Nbd2 Be7 7. c3 0-0 8. a4 cxd4 9. exd4 a6 10. Bd3 Bb7 11. 0-0 Nc6 12. Bxf6 Bxf6 13. Ne4 Be7 14. Qe2 Re8 15. Rfe1 Bf8 16. Bc2 f5 17. Ng3 Ne7 18. Ne5 Nc6 19. Rad1 Nxe5 20. dxe5 Qc7 21. Qh5 Qc6 22. f3 Bc5+ 23. Kh1 Rf8 24. Rd2 Kh7 25. Nxf5 exf5 26. Bxf5+ Rxf5 27. Qxf5+ Qg6 28. Qxg6+ Kxg6 29. b4 Bf8 30. e6 dxe6 31. Rxe6+ Kf7 32. Rxb6 Bc8 33. g4 Be6 34. Kg2 a5 35. b5 Rc8 36. Rc6 Rxc6 37. bxc6 Bc5 38. Rb2 Ke7 39. Rb5 Kd6 40. Rxa5 Kxc6 41. Ra6+ Kd7 42. h4 Be3 43. h5 Bf7 44. Kg3 1-0

[Event "Rochefort"]
[Site "Rochefort"]
[Date "2009.??.??"]
[Round "2"]
[White "Demuth, Adrien"]
[Black "Neiman, Emmanuel"]
[Result "1/2-1/2"]
[WhiteElo "2331"]
[BlackElo "2358"]
[PlyCount "24"]
[EventDate "2009.02.21"]
[EventType "tourn"]
[EventRounds "9"]
[EventCountry "FRA"]
[EventCategory "6"]
[SourceTitle "CBM 128 Extra"]
[Source "ChessBase"]
[SourceDate "2009.03.05"]
[SourceVersion "2"]
[SourceVersionDate "2009.03.25"]
[SourceQuality "1"]

1. d4 f5 2. c4 Nf6 3. g3 g6 4. Bg2 Bg7 5. Nc3 0-0 6. Nf3 d6 7. d5 a5 8. e4 e5 9. dxe6 Nxe4 10. Nxe4 fxe4 11. Ng5 Qe7 12. Nxe4 Bxe6 1/2-1/2

[Event "Rochefort"]
[Site "Rochefort"]
[Date "2009.??.??"]
[Round "6"]
[White "Neiman, Emmanuel"]
[Black "Foisor, Cristina Adela B"]
[Result "0-1"]
[WhiteElo "2358"]
[BlackElo "2412"]
[PlyCount "84"]
[EventDate "2009.02.21"]
[EventType "tourn"]
[EventRounds "9"]
[EventCountry "FRA"]
[EventCategory "6"]
[SourceTitle "CBM 128 Extra"]
[Source "ChessBase"]
[SourceDate "2009.03.05"]
[SourceVersion "2"]
[SourceVersionDate "2009.03.25"]
[SourceQuality "1"]

1. d4 g6 2. c4 Bg7 3. Nf3 d6 4. e4 e5 5. Bg5 f6 6. Be3 Nh6 7. dxe5 dxe5 8. Qxd8+ Kxd8 9. h3 Be6 10. Nc3 Nf7 11. 0-0-0+ Nd7 12. c5 c6 13. Nd2 Kc7 14. Bc4 Nd8 15. b4 f5 16. f3 b5 17. Bb3 a5 18. a3 Re8 19. Kb2 Bf6 20. g4 f4 21. Bf2 a4 22. Bc2 h5 23. g5 Bxg5 24. Rhg1 Bf6 25. Rxg6 Bf7 26. Rgg1 Ne6 27. Bd3 Rab8 28. Bb1 Ndf8 29. Ba2 Bg6 30. Kc1 Rbd8 31. Bd5 Bh7 32. Ba2 Rd7 33. Nd5+ cxd5 34. exd5 Nd4 35. Rde1 Nb3+ 36. Nxb3 axb3 37. Bxb3 Ra8 38. d6+ Kc8 39. Bc2 Rxa3 40. Bxh7 Nxh7 41. Rg8+ Kb7 42. Kb2 Rxf3 0-1

[Event "Rochefort"]
[Site "Rochefort"]
[Date "2009.??.??"]
[Round "3"]
[White "Neiman, Emmanuel"]
[Black "Marholev, Dimitar"]
[Result "1/2-1/2"]
[WhiteElo "2358"]
[BlackElo "2449"]
[PlyCount "26"]
[EventDate "2009.02.21"]
[EventType "tourn"]
[EventRounds "9"]
[EventCountry "FRA"]
[EventCategory "6"]
[SourceTitle "CBM 128 Extra"]
[Source "ChessBase"]
[SourceDate "2009.03.05"]
[SourceVersion "2"]
[SourceVersionDate "2009.03.25"]
[SourceQuality "1"]

1. d4 Nf6 2. c4 g6 3. Nc3 Bg7 4. Nf3 c5 5. d5 a6 6. e4 d6 7. h3 0-0 8. Bd3 b5 9. 0-0 bxc4 10. Bxc4 Nbd7 11. Re1 Nb6 12. Bf1 Nfd7 13. Bf4 Qc7 1/2-1/2

[Event "FRA-chT Top 16 Gp Haute"]
[Site "Evry"]
[Date "2008.05.31"]
[Round "10"]
[White "Genov, Petar"]
[Black "Neiman, Emmanuel"]
[Result "1/2-1/2"]
[WhiteElo "2474"]
[BlackElo "2362"]
[PlyCount "61"]
[EventDate "2008.05.29"]
[EventType "team"]
[EventRounds "11"]
[EventCountry "FRA"]
[SourceTitle "CBM 124 Extra"]
[Source "ChessBase"]
[SourceDate "2008.07.03"]
[SourceVersion "1"]
[SourceVersionDate "2008.07.03"]
[SourceQuality "1"]

1. d4 d5 2. c4 c6 3. Nf3 Nf6 4. Nc3 e6 5. Bg5 h6 6. Bxf6 Qxf6 7. e3 Nd7 8. Bd3 g6 9. 0-0 Bg7 10. cxd5 exd5 11. b4 Qd6 12. Qb3 Nb6 13. b5 c5 14. dxc5 Qxc5 15. Rac1 0-0 16. a4 Be6 17. Nd4 Qd6 18. Nce2 Bd7 19. a5 Nc8 20. a6 bxa6 21. bxa6 Nb6 22. Bb5 Rab8 23. Qd3 Rfc8 24. g3 Nc4 25. Bxd7 Qxd7 26. Nf3 Nb2 27. Rxc8+ Qxc8 28. Qxd5 Qxa6 29. Ned4 Qb7 30. Qa2 Nd3 31. Qe2 1/2-1/2

[Event "FRA-chT Top 16 GpB"]
[Site "France"]
[Date "2008.04.10"]
[Round "4"]
[White "Neiman, Emmanuel"]
[Black "Housieaux, David"]
[Result "1/2-1/2"]
[WhiteElo "2371"]
[BlackElo "2353"]
[PlyCount "92"]
[EventDate "2008.03.22"]
[EventType "team"]
[EventRounds "7"]
[EventCountry "FRA"]
[SourceTitle "CBM 123 Extra"]
[Source "ChessBase"]
[SourceDate "2008.05.06"]
[SourceVersion "1"]
[SourceVersionDate "2008.05.06"]
[SourceQuality "1"]

1. d4 d6 2. e4 Nf6 3. Nc3 e5 4. Nge2 Nbd7 5. g3 Be7 6. Bg2 0-0 7. 0-0 Re8 8. h3 Bf8 9. g4 exd4 10. Nxd4 Nc5 11. Re1 g6 12. Nb3 Nfd7 13. Be3 b6 14. e5 Bb7 15. Nxc5 Nxc5 16. Bxb7 Nxb7 17. Qf3 Rb8 18. Ne4 Rxe5 19. Nf6+ Kg7 20. Bd4 Qxf6 21. Qxf6+ Kxf6 22. f4 Ke6 23. fxe5 d5 24. Rf1 Bg7 25. Rae1 c5 26. Bf2 Nd8 27. Bg3 Rb7 28. g5 Ke7 29. h4 Ne6 30. Kg2 Nd4 31. c3 Nf5 32. h5 Ke6 33. Bf4 Rd7 34. Kf3 Bf8 35. Rh1 Bg7 36. Rc1 Rd8 37. b4 c4 38. b5 d4 39. cxd4 Rxd4 40. Rhd1 Bxe5 41. Bxe5 Kxe5 42. Re1+ Kd5 43. h6 Rd3+ 44. Kf4 Rd4+ 45. Kf3 Rd3+ 46. Kf4 Rd4+ 1/2-1/2